| 000 | 01404nam a2200349 i 4500 | ||
|---|---|---|---|
| 003 | EG-ScBUE | ||
| 005 | 20230402094242.0 | ||
| 008 | 150624s2001 enka f bcd 001 0 eng d | ||
| 020 | _a9780415187039 | ||
| 020 | _a9780415757553 | ||
| 040 |
_aEG-ScBUE _beng _erda _dEG-ScBUE _cEG-ScBUE |
||
| 043 |
_ama----- _aaw----- _aff----- |
||
| 082 | 0 | 4 |
_a791.4375 _bCOM _222 |
| 245 | 0 | 0 |
_aCompanion encyclopedia of Middle Eastern and North African film / _cedited by Oliver Leaman. |
| 264 | 1 |
_aLondon ; _aNew York : _bRoutledge / Taylor and Francis Group, _c2001. |
|
| 300 |
_axiv, 607 pages : _billustrations ; _c24 cm |
||
| 336 |
_2rdacontent _atext _btxt |
||
| 337 |
_2rdamedia _aunmediated _bn |
||
| 338 |
_2rdacarrier _avolume _bnc |
||
| 504 | _aIncludes bibliographical references and index. | ||
| 650 | 7 |
_aMotion pictures _zArab countries _vCatalogs. _2BUEsh |
|
| 650 | 7 |
_aMotion pictures _zMiddle East _vCatalogs. _2BUEsh |
|
| 650 | 7 |
_aMotion pictures _zAfrica, North _vCatalogs. _2BUEsh |
|
| 650 | 7 |
_aMotion pictures _zArab countries _vBiography _vDictionaries. _2BUEsh |
|
| 650 | 7 |
_aMotion pictures _zMiddle East _vBiography _vDictionaries. _2BUEsh |
|
| 650 | 7 |
_aMotion pictures _zAfrica, North _vBiography _vDictionaries. _2BUEsh |
|
| 651 | _2BUEsh | ||
| 653 |
_bENGGEN _bCOMAME _cJune2015 _cSeptember2015 |
||
| 655 | _vReading book | ||
| 700 | 1 |
_aLeaman, Oliver, _d1950-, _eeditor. |
|
| 942 |
_2ddc _k791.4375 COM _cBB |
||
| 999 |
_c19858 _d19830 |
||